<?xml version="1.0" encoding="UTF-8"?><?xml-stylesheet type="text/xsl" href="static/style.xsl"?><OAI-PMH xmlns="http://www.openarchives.org/OAI/2.0/" xmlns:xsi="http://www.w3.org/2001/XMLSchema-instance" xsi:schemaLocation="http://www.openarchives.org/OAI/2.0/ http://www.openarchives.org/OAI/2.0/OAI-PMH.xsd"><responseDate>2026-05-14T08:26:14Z</responseDate><request verb="GetRecord" identifier="oai:riubu.ubu.es:10259/8417" metadataPrefix="marc">https://riubu.ubu.es/oai/request</request><GetRecord><record><header><identifier>oai:riubu.ubu.es:10259/8417</identifier><datestamp>2024-01-23T01:05:30Z</datestamp><setSpec>com_10259_7942</setSpec><setSpec>com_10259_5086</setSpec><setSpec>com_10259_2604</setSpec><setSpec>col_10259_8416</setSpec></header><metadata><record xmlns="http://www.loc.gov/MARC21/slim" xmlns:doc="http://www.lyncode.com/xoai" xmlns:xsi="http://www.w3.org/2001/XMLSchema-instance" xmlns:dcterms="http://purl.org/dc/terms/" xsi:schemaLocation="http://www.loc.gov/MARC21/slim http://www.loc.gov/standards/marcxml/schema/MARC21slim.xsd">
<leader>00925njm 22002777a 4500</leader>
<datafield tag="042" ind1=" " ind2=" ">
<subfield code="a">dc</subfield>
</datafield>
<datafield tag="720" ind1=" " ind2=" ">
<subfield code="a">Zaparaín Yáñez, Mª José</subfield>
<subfield code="e">author</subfield>
</datafield>
<datafield tag="720" ind1=" " ind2=" ">
<subfield code="a">Payo Hernanz, René Jesús</subfield>
<subfield code="e">author</subfield>
</datafield>
<datafield tag="260" ind1=" " ind2=" ">
<subfield code="c">2021-01</subfield>
</datafield>
<datafield tag="520" ind1=" " ind2=" ">
<subfield code="a">La arquitectura teatral vivió un gran proceso de renovación en la España del siglo XVIII. Para ello se tomaron como modelo los tratados arquitectónicos franceses e italianos del momento. Algunos notables personajes e instituciones de la política y la cultura, como el conde de Aranda o Jovellanos y la Real Academia de Bellas Artes de San Fernando, impulsaron esta reforma. Este proceso de renovación de la arquitectura teatral no solo se desarrolló en la capital del reino sino también en las capitales de provincia como Burgos. En esta ciudad se trató a lo largo del siglo XVIII de construir un nuevo teatro acorde a los nuevos planteamientos estéticos ilustrados. Para ello, se encargó a Fernando González de Lara un proyecto de nuevo teatro en el que se tomaron como modelo al tratadista español Bails y al francés Patte y cuyos dibujos se conservan en el Archivo Histórico Nacional. Este teatro no se ejecutó por problemas económicos. La reclamación de los honorarios de González de Lara dio lugar a un cruce de correspondencia entre instituciones que nos permite entender la consideración que tenía el trabajo de los arquitectos en el siglo XVIII.</subfield>
</datafield>
<datafield tag="520" ind1=" " ind2=" ">
<subfield code="a">Spain’s theatres underwent major architectural renewal in the 18th century. French and Italian architectural treatises of the time were used as a model, and the leading political and cultural characters and&#xd;
institutions of the day, among them the Count of Aranda, Jovellanos and the Royal Academy of Fine Arts&#xd;
of San Fernando, promoted the process of renovation. It played out in the capital of the kingdom and in&#xd;
provincial cities such as Burgos, which tried throughout the 18th century to build a new theatre in line with&#xd;
the new aesthetic approaches. Fernando González de Lara was commissioned with the task of building a&#xd;
new theatre for Burgos. The project was modelled on the treatises written by the Spaniard Bails and Frenchman Patte and its drawings are kept at the National Historical Archive. Financial problems prevented it&#xd;
from ever being built. Gonzalez de Lara’s claim for his fees resulted in an exchange of letters that revealed&#xd;
the consideration for architects and their work in the 18th century</subfield>
</datafield>
<datafield tag="024" ind2=" " ind1="8">
<subfield code="a">1579-7414</subfield>
</datafield>
<datafield tag="024" ind2=" " ind1="8">
<subfield code="a">http://hdl.handle.net/10259/8417</subfield>
</datafield>
<datafield tag="024" ind2=" " ind1="8">
<subfield code="a">10.15304/qui.19.6374</subfield>
</datafield>
<datafield tag="024" ind2=" " ind1="8">
<subfield code="a">2340-0005</subfield>
</datafield>
<datafield ind1=" " ind2=" " tag="653">
<subfield code="a">Arquitectura teatral ilustrada</subfield>
</datafield>
<datafield ind1=" " ind2=" " tag="653">
<subfield code="a">Burgos</subfield>
</datafield>
<datafield ind1=" " ind2=" " tag="653">
<subfield code="a">González de Lara</subfield>
</datafield>
<datafield ind1=" " ind2=" " tag="653">
<subfield code="a">Theatre architecture</subfield>
</datafield>
<datafield ind1=" " ind2=" " tag="653">
<subfield code="a">Enlightenment</subfield>
</datafield>
<datafield tag="245" ind1="0" ind2="0">
<subfield code="a">La arquitectura teatral del siglo XVIII. El caso de Burgos y el proyecto de Fernando González de Lara</subfield>
</datafield>
</record></metadata></record></GetRecord></OAI-PMH>